The luxury strategy (Record no. 4817)

MARC details
000 -CABECERA
campo de control de longitud fija 02818nam a22002657a 4500
008 - DATOS DE LONGITUD FIJA--INFORMACIÓN GENERAL
campo de control de longitud fija 250703b |||||||| |||| 00| 0 eng d
020 ## - NÚMERO INTERNACIONAL ESTÁNDAR DEL LIBRO
Número Internacional Estándar del Libro 9781398624269
040 ## - FUENTE DE LA CATALOGACIÓN
Centro/agencia transcriptor tbs
041 ## - CÓDIGO DE LENGUA
Código de lengua del texto/banda sonora o título independiente eng
050 ## - SIGNATURA TOPOGRÁFICA DE LA BIBLIOTECA DEL CONGRESO
Número de clasificación HD9999
Número de documento/Ítem .L852K37 2012
100 ## - ENTRADA PRINCIPAL--NOMBRE DE PERSONA
Nombre de persona Kapferer, Jean-Noël
9 (RLIN) 2368
Término indicativo de función/relación author
245 ## - MENCIÓN DE TÍTULO
Título The luxury strategy
Resto del título : break the rules of marketing to build luxury brands
Mención de responsabilidad, etc. / Jean-Noël Kapferer and Vincent Bastien.
250 ## - MENCIÓN DE EDICIÓN
Mención de edición Third edition.
260 ## - PUBLICACIÓN, DISTRIBUCIÓN, ETC.
Lugar de publicación, distribución, etc. London ;
-- New York, NY :
Nombre del editor, distribuidor, etc. Kogan Page,
Fecha de publicación, distribución, etc. 2025.
300 ## - DESCRIPCIÓN FÍSICA
Extensión xx, 450 pages :
Otras características físicas illustrations ;
Dimensiones 24 cm.
505 ## - NOTA DE CONTENIDO CON FORMATO
Nota de contenido con formato Introduction — Back to luxury fundamentals — In the beginning there was luxury — The end of a confusion : premium is not luxury — Anti-laws of marketing — Facets of luxury today — Luxury brands need specific management — Customer attitudes vis-à-vis luxury — Developing brand equity — Luxury brand stretching — Qualifying a product or service as luxury — Pricing luxury — Distribution and the internet dilemma — Communicating luxury — Financial and HR management of a luxury company — Strategic perspectives — Luxury business models — Entering luxury and leaving it — Learning from luxury — Luxury and sustainable development: convergences and divergences.
520 ## - SUMARIO, ETC.
Sumario, etc. The Luxury Strategy defines the differences between premium and luxury products, between a luxury and a fashion strategy, and why one needs to turn established marketing rules upside down to build luxury brands. It provides a rigorous guide for true and long-lasting success in the field of luxury.<br/><br/>This essential guide rationalizes those business models that have achieved profitability and unveils the original methods that were used to transform small family businesses such as Ferrari, Louis Vuitton, Cartier, Chanel, Prada, Hermès into profitable global brands. It unveils the narrow path to keep growing while remaining exclusive.<br/><br/>This revised edition builds upon the content that has made this book a staple of the industry. It includes a new preface by the authors and an updating of key cases. The book concludes with a new chapter that delves into the consequences of the luxification of society, the impact of Artificial Intelligence on the sector as well as other new technologies and explores the need for the luxury industry to serve as exemplars of best practice.
630 #0 - PUNTO DE ACCESO ADICIONAL DE MATERIA--TÍTULO UNIFORME
Título uniforme ​​MSc Fashion & Luxury Marketing - Understanding Fashion & Luxury Markets and customers​
9 (RLIN) 26039
630 #0 - PUNTO DE ACCESO ADICIONAL DE MATERIA--TÍTULO UNIFORME
Título uniforme ​​MSc Fashion & Luxury Marketing - Designing & implementing Marketing strategies in Fashion & Luxury markets​
9 (RLIN) 26044
650 #0 - PUNTO DE ACCESO ADICIONAL DE MATERIA--TÉRMINO DE MATERIA
Término de materia o nombre geográfico como elemento de entrada Luxuries
Subdivisión general Marketing
9 (RLIN) 7147
650 #0 - PUNTO DE ACCESO ADICIONAL DE MATERIA--TÉRMINO DE MATERIA
Término de materia o nombre geográfico como elemento de entrada Luxury goods industry
9 (RLIN) 7363
650 #0 - PUNTO DE ACCESO ADICIONAL DE MATERIA--TÉRMINO DE MATERIA
Término de materia o nombre geográfico como elemento de entrada Product management
9 (RLIN) 2370
700 ## - ENTRADA AGREGADA--NOMBRE PERSONAL
Nombre de persona Bastien, Vincent
9 (RLIN) 7163
Término indicativo de función/relación author
942 ## - ELEMENTOS DE ENTRADA AGREGADA (KOHA)
Fuente del sistema de clasificación o colocación Clasificación de Library of Congress
Holdings
Estado de retiro Estado de pérdida Fuente del sistema de clasificación o colocación Estado dañado No para préstamo Biblioteca de origen Biblioteca actual Fecha de adquisición Total de préstamos Signatura topográfica completa Código de barras Fecha visto por última vez Número de copia Precio válido a partir de Tipo de ítem Koha
    Clasificación de Library of Congress     TBS Barcelona TBS Barcelona 03/07/2025   HD9999 KAP B07582 03/07/2025 1 03/07/2025 Book

Powered by Koha